📖🕯150 premiers mots "Les morganets et les morganettes" - Statistiques

Statistiques générales
  • Ce quiz a été pris 8 fois
  • Le résultat moyen est 69 sur 150
Statistiques - réponses
Mots % Correct
je
100%
l'
100%
le
100%
s'
100%
à
80%
ai
80%
d'
80%
dans
80%
de
80%
des
80%
et
80%
Et
80%
Il
80%
ils
80%
la
80%
les
80%
n'
80%
on
80%
80%
ou
80%
sont
80%
toute
80%
Toutes
80%
une
80%
au
60%
ces
60%
Elles
60%
en
60%
est
60%
fois.
60%
mais
60%
Mais
60%
ne
60%
nous
60%
or.
60%
pas
60%
pour
60%
qu'
60%
que
60%
qui
60%
seule
60%
vous
60%
vu
60%
cet
40%
comme
40%
encore
40%
grand
40%
jours
40%
loin!
40%
mains
40%
même,
40%
moi-
40%
nombre
40%
petits
40%
pieds
40%
plus
40%
Si
40%
sur
40%
ailleurs.
20%
blonds
20%
Bretagne,
20%
chance
20%
cheveux
20%
choses
20%
coquillages
20%
créatures
20%
diamants,
20%
espoir
20%
eux
20%
leurs
20%
mer.
20%
par
20%
passé
20%
petites
20%
pourtant
20%
pouvait
20%
prendre
20%
trésors
20%
vos
20%
yeux!
20%
abaissent,
0%
algues
0%
apercevez,
0%
arpenter
0%
Aussitôt,
0%
blancs,
0%
clignez
0%
délicats
0%
devenues
0%
disparaître.
0%
égale
0%
épisode
0%
faisant
0%
faits,
0%
farouches,
0%
fuite
0%
grèves
0%
île
0%
Jadis,
0%
mieux
0%
observer
0%
paupières
0%
peignant
0%
plages
0%
profiteraient
0%
raconterai
0%
rencontrer,
0%
sécher
0%
soleil
0%
soleil,
0%
tard. ...
0%
valeur.
0%
Aucun quiz correspondant
Distribution des résultats
% des personnes avec chaque résultat
Percentile par nombre de réponses
Votre historique - résultats
Vous n’avez pas pris ce quiz